000 00775cam a22002777a 4500
003 CHAP
005 20220817042215.0
008 971013s1974 r 00010 d
010 _a37648
011 _a38620
035 _a42740
040 _cCHAP
082 _a636.293
_bF3
110 _aFAO
245 1 4 _aThe husbandry and health of the domestic buffalo
260 _aRoma :
_bFAO,
_c1974
300 _a993 p.
_b: ilus.
590 _aBATCH-UPD
_b10
_c20130110
_lUCH01
_h1453
590 _aBATCH-UPD
_b10
_c20130410
_lUCH01
_h0919
590 _aBATCH-UPD
_b10
_c20130914
_lUCH01
_h0746
590 _aCONVERSION
_b10
_c20130109
_lUCH01
_h1321
650 1 4 _aBúfalos.
_914737
901 _aBK
942 _cLIBRO
949 _a636.293 F3
_bBC
_cFAO
_d-98263
_eFAO1
_h34939
_i42740
_si
999 _c37648
_d37648